Colapsoterapia de la tuberculosis pulmonar / (Record no. 116540)
[ view plain ]
| 000 -LEADER | |
|---|---|
| campo de control de longitud fija | 00637nam a2200169 i 4500 |
| 001 - NÚMERO DE CONTROL | |
| campo de control | 116540 |
| 003 - IDENTIFICADOR DE NÚMERO DE CONTROL | |
| campo de control | ES-MaACL |
| 005 - FECHA Y HORA DE LA ÚLTIMA TRANSACCIÓN | |
| campo de control | 20230906190726.0 |
| 007 - CAMPO FIJO DE DESCRIPCIÓN FÍSICA--INFORMACIÓN GENERAL | |
| campo de control de longitud fija | t| |
| 008 - DATOS DE LONGITUD FIJA--INFORMACIÓN GENERAL | |
| campo de control de longitud fija | 061121q19361940sp r ||||1| spa d |
| 100 1# - ENTRADA PRINCIPAL--NOMBRE DE PERSONA | |
| Nombre de persona | Rodríguez de Partearroyo, Francisco |
| Títulos y otros términos asociados al nombre | (médico) |
| 9 (RLIN) | 156262 |
| 245 10 - MENCIÓN DEL TÍTULO | |
| Título | Colapsoterapia de la tuberculosis pulmonar / |
| Mención de responsabilidad, etc. | por J. R. Partearroyo y F. Blanco Rodríguez. |
| 260 ## - PUBLICACIÓN, DISTRIBUCIÓN, ETC. | |
| Lugar de publicación, distribución, etc. | [Madrid] : |
| Nombre del editor, distribuidor, etc. | Edic. "Revista Española de Tuberculosis", |
| Fecha de publicación, distribución, etc. | [1936? o 1940?] ( |
| Fabricante | Gráf Uguina) |
| 300 ## - DESCRIPCIÓN FÍSICA | |
| Extensión | 538 p., 2 gráf. pleg. : |
| Otras características físicas | il. ; |
| Dimensiones | 28 cm. |
| 700 0# - ENTRADA AGREGADA--NOMBRE PERSONAL | |
| Nombre de persona | Blanco Rodríguez, Francisco. |
| 9 (RLIN) | 29284 |
| 852 ## - LOCALIZACIÓN | |
| Ubicación | ES-MaACL |
| Número de control de estantería | A-4913 |
| Sublocalización o colección | R.16864 |
| Estatus retirado | Estado de pérdida | Estado de daño | No para préstamo | Biblioteca de origen | Biblioteca actual | Ubicación en estantería | Fecha de adquisición | Fuente de adquisición | Total de préstamos | Signatura topográfica completa | Código de barras | Visto por última vez | Precio de reemplazo | Tipo de ítem Koha |
|---|---|---|---|---|---|---|---|---|---|---|---|---|---|---|
| Biblioteca del Ateneo de Madrid | Biblioteca del Ateneo de Madrid | Sala Pecera Planta 1 | 17/01/2008 | A-4913 | 1121522 | 23/02/2023 | 23/02/2023 | Libro impreso |
